[Event "GER-chT Lands U20"]
[Site "Wuerzburg"]
[Date "2019.10.06"]
[Round "7.7"]
[White "Schwartz, Oliver"]
[Black "Fuchs, Emily"]
[Result "1-0"]
[WhiteElo "1650"]
[BlackElo "1490"]
[PlyCount "125"]
[EventDate "2019.10.01"]
[EventType "team-swiss"]
[EventRounds "7"]
[EventCountry "GER"]
[SourceTitle "EXT 2020"]
[Source "ChessBase"]
[SourceDate "2019.10.17"]
[SourceVersion "1"]
[SourceVersionDate "2019.10.17"]
[SourceQuality "1"]
[WhiteTeam "Wuerttemberg"]
[BlackTeam "Saarland"]
[WhiteTeamCountry "GER"]
[BlackTeamCountry "GER"]

1. e4 e5 2. Nf3 Nc6 3. Bc4 Nf6 4. d3 Bc5 5. c3 d6 6. Bb3 Be6 7. h3 h6 8. Nbd2 Qd7 9. Nf1 d5 10. Ng3 dxe4 11. dxe4 Qxd1+ 12. Bxd1 0-0-0 13. Bb3 Rd6 14. Bxe6+ Rxe6 15. 0-0 Rd8 16. Be3 Bxe3 17. fxe3 Na5 18. b3 Rd3 19. Kf2 Rxc3 20. Rac1 Rxc1 21. Rxc1 Nc6 22. Ke2 g6 23. Nd2 h5 24. Rf1 Kd7 25. Nh1 Ke7 26. g3 b5 27. Nf2 a5 28. Nd3 Nd7 29. Rc1 Kd6 30. Nb1 Na7 31. Nc3 c6 32. Nb1 f5 33. Nd2 c5 34. Rf1 Rf6 35. Nb2 Ke6 36. exf5+ gxf5 37. Nd1 Nc6 38. Nc3 b4 39. Na4 Kd5 40. Nc4 e4 41. Ncb6+ Nxb6 42. Nxb6+ Ke6 43. Na4 Rg6 44. Nxc5+ Ke5 45. Kf2 Ne7 46. Nd7+ Kd6 47. Rd1+ Kc7 48. Ne5 Re6 49. Nc4 Rc6 50. Rd2 Rc5 51. Nd6 Ng6 52. Ne8+ Kb6 53. Rd6+ Rc6 54. Rxc6+ Kxc6 55. Ng7 Ne5 56. Nxf5 Nd3+ 57. Kg2 Nc1 58. g4 hxg4 59. h4 Nxa2 60. h5 a4 61. h6 axb3 62. Nd4+ Kd6 63. Nxb3 1-0

[Event "GER-chT Lands U20"]
[Site "Wuerzburg"]
[Date "2019.10.02"]
[Round "2.8"]
[White "Butenandt, Svenja"]
[Black "Fuchs, Emily"]
[Result "1-0"]
[WhiteElo "1807"]
[BlackElo "1490"]
[PlyCount "79"]
[EventDate "2019.10.01"]
[EventType "team-swiss"]
[EventRounds "7"]
[EventCountry "GER"]
[SourceTitle "EXT 2020"]
[Source "ChessBase"]
[SourceDate "2019.10.17"]
[SourceVersion "1"]
[SourceVersionDate "2019.10.17"]
[SourceQuality "1"]
[WhiteTeam "Bayern II"]
[BlackTeam "Saarland"]
[WhiteTeamCountry "GER"]
[BlackTeamCountry "GER"]

1. d4 Nf6 2. c4 e6 3. Nc3 Bb4 4. e3 b6 5. Nge2 Bb7 6. a3 Bxc3+ 7. Nxc3 0-0 8. Bd3 d5 9. 0-0 Nbd7 10. cxd5 exd5 11. Qc2 Re8 12. Nb5 a6 13. Nc3 c5 14. b3 Rc8 15. dxc5 Nxc5 16. Bf5 Ra8 17. b4 Nce4 18. Nxe4 Nxe4 19. Bb2 Bc8 20. Bxe4 dxe4 21. Qc3 f6 22. Rfd1 Qe7 23. Qc6 Bg4 24. Rd6 Rab8 25. h3 Be2 26. Bd4 Red8 27. Rxd8+ Qxd8 28. Qxe4 Kf7 29. Qxh7 Qd5 30. Qc2 Qc4 31. Qxc4+ Bxc4 32. Rc1 b5 33. g4 Kg6 34. Kh2 Re8 35. Kg3 Kh6 36. h4 Re4 37. f4 Re6 38. Rd1 g5 39. hxg5+ fxg5 40. Rh1+ 1-0

[Event "GER-ch U18 Girls"]
[Site "Willingen"]
[Date "2019.06.10"]
[Round "3"]
[White "Gauchel, Verena"]
[Black "Fuchs, Emily"]
[Result "0-1"]
[WhiteElo "1534"]
[BlackElo "1384"]
[PlyCount "114"]
[EventDate "2019.06.08"]
[EventType "swiss"]
[EventRounds "9"]
[EventCountry "GER"]
[SourceTitle "CBM 191 Extra"]
[Source "ChessBase"]
[SourceDate "2019.09.30"]
[SourceVersion "1"]
[SourceVersionDate "2019.09.30"]
[SourceQuality "1"]

1. d4 Nf6 2. c4 e6 3. Nc3 Bb4 4. Qc2 b6 5. Nf3 Bb7 6. a3 Bxc3+ 7. Qxc3 Ne4 8. Qc2 f5 9. e3 d6 10. Bd3 0-0 11. b4 Nd7 12. Bb2 c5 13. dxc5 dxc5 14. 0-0 Qe7 15. Nd2 Nxd2 16. Qxd2 Nf6 17. f3 Rad8 18. Qc3 Nh5 19. b5 Qg5 20. Bc2 Rf6 21. Qe1 Rg6 22. Qe2 Rh6 23. Be5 f4 24. exf4 Nxf4 25. Bxf4 Qxf4 26. g3 Rd2 27. gxf4 Rxe2 28. Be4 Bxe4 29. fxe4 Rxe4 30. Rac1 Rf6 31. Rc3 Rfxf4 32. Rxf4 Rxf4 33. Kg2 Kf7 34. Kg3 Rd4 35. h3 e5 36. Kf3 Ke6 37. Ke3 Kf5 38. Kf3 g5 39. Kg3 e4 40. Kf2 h5 41. Ke3 Rd3+ 42. Rxd3 exd3 43. Kxd3 Kf4 44. a4 Kf3 45. Kd2 g4 46. hxg4 hxg4 47. Ke1 g3 48. Kf1 g2+ 49. Kg1 Ke3 50. Kxg2 Kd4 51. Kf2 Kxc4 52. Ke3 Kb4 53. Kd3 c4+ 54. Kc2 Kxa4 55. Kc3 Kxb5 56. Kb2 Kc5 57. Kc2 b5 0-1

[Event "Youth District Germany"]
[Site "Wuerzburg"]
[Date "2018.10.06"]
[Round "6.6"]
[White "Bardorz, Jana"]
[Black "Fuchs, Emily"]
[Result "1-0"]
[WhiteElo "1810"]
[BlackElo "1335"]
[PlyCount "57"]
[EventDate "2018.10.02"]
[EventType "team-swiss"]
[EventRounds "7"]
[EventCountry "GER"]
[SourceTitle "CBM 186 Extra"]
[Source "ChessBase"]
[SourceDate "2018.08.24"]
[SourceVersion "1"]
[SourceVersionDate "2018.08.24"]
[SourceQuality "1"]
[WhiteTeam "Bayern U20 II"]
[BlackTeam "Saarland U20"]
[WhiteTeamCountry "GER"]
[BlackTeamCountry "GER"]

1. e4 e5 2. Nf3 Nc6 3. Nc3 Nf6 4. Bb5 a6 5. Bxc6 dxc6 6. Nxe5 Nxe4 7. Nxe4 Qd4 8. 0-0 Qxe5 9. d4 Qf5 10. Re1 Be6 11. Ng5 0-0-0 12. Nxe6 fxe6 13. c3 e5 14. Rxe5 Qd7 15. Bg5 Re8 16. Rxe8+ Qxe8 17. Qg4+ Kb8 18. Kf1 Bd6 19. Be3 Rf8 20. Qxg7 Bxh2 21. g3 Rf7 22. Qg5 Qe4 23. Qg8+ Ka7 24. Qxf7 Qh1+ 25. Ke2 Qxa1 26. d5+ b6 27. Qxc7+ Ka8 28. Qxc6+ Kb8 29. Bf4+ 1-0

[Event "Youth District Germany"]
[Site "Wuerzburg"]
[Date "2018.10.05"]
[Round "5.6"]
[White "Fuchs, Emily"]
[Black "Genova, Magdalina"]
[Result "1-0"]
[WhiteElo "1335"]
[BlackElo "1425"]
[PlyCount "137"]
[EventDate "2018.10.02"]
[EventType "team-swiss"]
[EventRounds "7"]
[EventCountry "GER"]
[SourceTitle "CBM 186 Extra"]
[Source "ChessBase"]
[SourceDate "2018.08.24"]
[SourceVersion "1"]
[SourceVersionDate "2018.08.24"]
[SourceQuality "1"]
[WhiteTeam "Saarland U20"]
[BlackTeam "Hamburg U20"]
[WhiteTeamCountry "GER"]
[BlackTeamCountry "GER"]

1. e4 c5 2. Nf3 d6 3. d4 cxd4 4. Nxd4 Nf6 5. Nc3 a6 6. Bc4 b5 7. Bb3 e6 8. a3 Bb7 9. Bg5 Be7 10. Qe2 Nbd7 11. 0-0 Rc8 12. Rad1 Nb6 13. e5 Nfd5 14. Nxd5 Nxd5 15. Bxe7 Qxe7 16. f4 0-0 17. f5 dxe5 18. fxe6 exd4 19. exf7+ Kh8 20. Qxe7 Nxe7 21. Rxd4 Ng6 22. Rd7 Bc6 23. Ra7 Ra8 24. Re7 Rad8 25. Ra7 Ra8 26. Rc7 Rac8 27. Rxc8 Rxc8 28. Be6 Rf8 29. Re1 h6 30. Bb3 Kh7 31. Re6 Rc8 32. c3 Nf8 33. Bc2+ g6 34. Re5 Kg7 35. Bb3 Rd8 36. Re2 Bd5 37. Rd2 Kxf7 38. Rxd5 Rxd5 39. Bxd5+ Kf6 40. Bb7 a5 41. Ba6 b4 42. axb4 axb4 43. cxb4 Nd7 44. b5 Nb6 45. Kf2 g5 46. h3 Ke5 47. Bb7 Kf4 48. g3+ Ke5 49. b3 Kd4 50. Kf3 Ke5 51. Kg4 Kf6 52. Kh5 Kg7 53. h4 gxh4 54. Kxh4 Kf6 55. Bf3 Kf7 56. Kh5 Kg7 57. g4 Nd7 58. Bc6 Nb6 59. Be4 Nd7 60. Bf5 Nb6 61. g5 hxg5 62. Kxg5 Kf7 63. Kf4 Kf6 64. Ke4 Ke7 65. Ke5 Ke8 66. Kd6 Kd8 67. Kc6 Na8 68. b6 Nxb6 69. Kxb6 1-0

[Event "GER-chT Federal Cup (Women)"]
[Site "Braunfels"]
[Date "2018.06.01"]
[Round "2.5"]
[White "Kalina, Lena"]
[Black "Fuchs, Emily"]
[Result "1/2-1/2"]
[WhiteElo "1479"]
[BlackElo "1280"]
[PlyCount "104"]
[EventDate "2018.05.31"]
[EventType "team-swiss"]
[EventRounds "5"]
[EventCountry "GER"]
[SourceTitle "EXT 2020"]
[Source "ChessBase"]
[SourceDate "2019.10.17"]
[SourceVersion "1"]
[SourceVersionDate "2019.10.17"]
[SourceQuality "1"]
[WhiteTeam "Rheinland Pfalz (W)"]
[BlackTeam "Saarland SG (W)"]
[WhiteTeamCountry "GER"]
[BlackTeamCountry "GER"]

1. d4 Nf6 2. Nf3 e6 3. c4 c5 4. d5 exd5 5. cxd5 d6 6. Nc3 g6 7. Bf4 Bg7 8. e4 0-0 9. Bd3 Re8 10. 0-0 Bg4 11. Re1 Nh5 12. Bd2 Nd7 13. h3 Bxf3 14. Qxf3 Ne5 15. Qe3 Qh4 16. Bb5 Rf8 17. Qg5 Bf6 18. Qxh4 Bxh4 19. Be2 Ng7 20. g3 Be7 21. f4 Nd7 22. Bb5 Nb6 23. Na4 Nxa4 24. Bxa4 a6 25. Bc2 Rfe8 26. Rad1 b5 27. e5 b4 28. Ba4 Red8 29. Bc6 Rab8 30. Rc1 Nf5 31. Kg2 Nd4 32. exd6 Bxd6 33. Ba4 Bf8 34. Be3 Rxd5 35. Bxd4 Rxd4 36. Rcd1 Rbd8 37. Rxd4 Rxd4 38. Rd1 Bg7 39. Rxd4 Bxd4 40. b3 f5 41. Bc6 c4 42. Bd5+ Kf8 43. Bxc4 a5 44. Kf3 h6 45. Bd3 Ke7 46. Bc4 Kf6 47. Bg8 g5 48. Bc4 h5 49. fxg5+ Kxg5 50. h4+ Kg6 51. Bb5 Be5 52. Be8+ Kh6 1/2-1/2

[Event "GER-ch U14 Girls"]
[Site "Willingen"]
[Date "2017.06.05"]
[Round "3"]
[White "Jacoby, Angelina"]
[Black "Fuchs, Emily"]
[Result "1/2-1/2"]
[WhiteElo "1425"]
[BlackElo "1318"]
[PlyCount "135"]
[EventDate "2017.06.04"]
[EventType "swiss"]
[EventRounds "9"]
[EventCountry "GER"]
[SourceTitle "CBM 178 Extra"]
[Source "ChessBase"]
[SourceDate "2017.06.22"]
[SourceVersion "1"]
[SourceVersionDate "2017.06.22"]
[SourceQuality "1"]

1. d4 Nf6 2. Nf3 e6 3. e3 b6 4. Bd3 Bb7 5. Nbd2 Nc6 6. c3 Ne7 7. e4 d6 8. 0-0 g6 9. Qe2 a6 10. e5 dxe5 11. Nxe5 Bg7 12. Ndf3 Nd7 13. Be4 c6 14. Bc2 0-0 15. Nxd7 Qxd7 16. Ne5 Qc7 17. Bf4 Qd8 18. Rfe1 Nd5 19. Bg3 Qe7 20. Nc4 Rfd8 21. Be4 b5 22. Na5 Rac8 23. Nb3 Nb6 24. Nc5 Rf8 25. a4 Nxa4 26. Nxa4 bxa4 27. Rxa4 f5 28. Bd3 f4 29. Qxe6+ Qxe6 30. Rxe6 fxg3 31. fxg3 c5 32. dxc5 Rxc5 33. Re7 Bc8 34. Bxa6 Bxa6 35. Rxa6 Rcf5 36. Ra1 Rb5 37. Re2 Bf6 38. Rc2 Rc8 39. Rd1 Re8 40. Kf2 Rf5+ 41. Kg1 Bd8 42. Kh1 Bc7 43. Rcd2 Ref8 44. h3 Bxg3 45. Kg1 h5 46. c4 Re8 47. b3 Kf7 48. Rd7+ Re7 49. Rxe7+ Kxe7 50. Rd3 Bd6 51. Re3+ Kd7 52. Rf3 Re5 53. Rf7+ Kc6 54. Rf6 g5 55. b4 Kd7 56. c5 Bc7 57. Rf7+ Re7 58. Rxe7+ Kxe7 59. Kf2 h4 60. Kf3 Kd7 61. b5 Bf4 62. Ke4 Ke6 63. Kd4 Bg3 64. Kc4 Kd7 65. Kd5 Kc7 66. Ke6 Bf2 67. Kd5 Bg1 68. Kc4 1/2-1/2

[Event "GER-chT Lands U20"]
[Site "Hannover"]
[Date "2016.10.01"]
[Round "1.7"]
[White "Fuchs, Emily"]
[Black "Muedder, Melanie"]
[Result "0-1"]
[WhiteElo "1311"]
[BlackElo "1707"]
[PlyCount "104"]
[EventDate "2016.10.01"]
[EventType "team-swiss"]
[EventRounds "7"]
[EventCountry "GER"]
[SourceTitle "CBM 174 Extra"]
[Source "ChessBase"]
[SourceDate "2016.10.10"]
[SourceVersion "1"]
[SourceVersionDate "2016.10.10"]
[SourceQuality "1"]
[WhiteTeam "Saarland/Rheinland Pfalz"]
[BlackTeam "Nordrhein Westfalen"]
[WhiteTeamCountry "GER"]
[BlackTeamCountry "GER"]

1. e4 c5 2. d4 cxd4 3. c3 dxc3 4. Nxc3 Nc6 5. Nf3 e6 6. Bc4 Nge7 7. 0-0 Ng6 8. Nb5 a6 9. Nd6+ Bxd6 10. Qxd6 Qe7 11. Qxe7+ Kxe7 12. Be3 b5 13. Be2 Bb7 14. Rfd1 d6 15. Rac1 Rhc8 16. Bb6 Nce5 17. Rc7+ Rxc7 18. Bxc7 Bxe4 19. Bxd6+ Kf6 20. Nxe5 Nxe5 21. Rd4 Bf5 22. g4 Nc6 23. Rf4 g5 24. Rf3 Nd4 25. Be5+ Kxe5 26. Re3+ Kf6 27. gxf5 Nxe2+ 28. Rxe2 Kxf5 29. Rc2 Rd8 30. Rc6 a5 31. Rc2 Kf6 32. Kg2 Rd4 33. Kg3 Rc4 34. Rxc4 bxc4 35. Kf3 Kf5 36. Ke2 Ke4 37. Kd2 Kd4 38. Kc2 f5 39. Kd2 e5 40. Kc2 e4 41. Kd2 f4 42. Ke2 h5 43. Kd2 g4 44. Ke2 h4 45. Kd2 e3+ 46. fxe3+ fxe3+ 47. Ke2 g3 48. hxg3 hxg3 49. Kf1 Kd3 50. a3 e2+ 51. Ke1 Ke3 52. a4 g2 0-1

[Event "GER-ch U12 Girls"]
[Site "Willingen"]
[Date "2016.05.17"]
[Round "5"]
[White "Fuchs, Emily"]
[Black "Schwegler, Jelena"]
[Result "1-0"]
[WhiteElo "1027"]
[BlackElo "912"]
[PlyCount "149"]
[EventDate "2016.05.15"]
[EventType "swiss"]
[EventRounds "11"]
[EventCountry "GER"]
[SourceTitle "CBM 172 Extra"]
[Source "ChessBase"]
[SourceDate "2016.06.21"]
[SourceVersion "1"]
[SourceVersionDate "2016.06.21"]
[SourceQuality "1"]

1. e4 e5 2. Nf3 Nc6 3. d4 exd4 4. Nxd4 Nf6 5. Nc3 Bb4 6. Nxc6 bxc6 7. Bd2 d5 8. e5 Qe7 9. Qe2 Ng4 10. f4 0-0 11. 0-0-0 Rb8 12. Na4 Bxd2+ 13. Qxd2 Qb4 14. Qxb4 Rxb4 15. Nc5 Nf2 16. Nd3 Nxd3+ 17. Bxd3 Rxf4 18. g3 Ra4 19. Kb1 Ba6 20. b3 Ra5 21. Rhe1 Bxd3 22. Rxd3 Re8 23. Rde3 d4 24. Re4 Rd5 25. Kb2 f5 26. exf6 Rxe4 27. Rxe4 gxf6 28. c4 dxc3+ 29. Kxc3 Kf7 30. b4 Rd1 31. Kc2 Rh1 32. h4 Rg1 33. g4 Rg2+ 34. Kb3 h6 35. Rc4 Rg3+ 36. Ka4 Rg2 37. a3 Kg6 38. Rxc6 Rxg4 39. Rxc7 Rxh4 40. Rxa7 f5 41. Kb3 f4 42. b5 Rh3+ 43. Kc2 f3 44. Ra8 Kg7 45. Kd2 Rh5 46. Ra7+ Kg6 47. Ra6+ Kg7 48. b6 Rf5 49. Ke1 Rf6 50. b7 Rxa6 51. b8Q Re6+ 52. Kf2 Rf6 53. a4 h5 54. Qg3+ Kf7 55. Qg5 Rc6 56. Qd5+ Re6 57. Qxh5+ Rg6 58. a5 Kf6 59. Qxf3+ Kg7 60. Qb7+ Kh6 61. a6 Rf6+ 62. Ke3 Re6+ 63. Kd4 Rg6 64. a7 Rg4+ 65. Qe4 Rxe4+ 66. Kxe4 Kg6 67. a8Q Kf6 68. Qd8+ Ke6 69. Qb6+ Ke7 70. Ke5 Kf7 71. Qf6+ Kg8 72. Ke6 Kh7 73. Qg5 Kh8 74. Kf7 Kh7 75. Qh5# 1-0

[Event "GER-ch U12 Girls"]
[Site "Willingen"]
[Date "2016.05.16"]
[Round "4"]
[White "Dietz, Kristin"]
[Black "Fuchs, Emily"]
[Result "1-0"]
[WhiteElo "1432"]
[BlackElo "1027"]
[PlyCount "67"]
[EventDate "2016.05.15"]
[EventType "swiss"]
[EventRounds "11"]
[EventCountry "GER"]
[SourceTitle "CBM 172 Extra"]
[Source "ChessBase"]
[SourceDate "2016.06.21"]
[SourceVersion "1"]
[SourceVersionDate "2016.06.21"]
[SourceQuality "1"]

1. e4 e5 2. Nf3 Nc6 3. d4 exd4 4. Nxd4 Bc5 5. Nb3 Qe7 6. Nc3 Nf6 7. Nxc5 Qxc5 8. Be3 Qe5 9. f4 Qe6 10. Qf3 0-0 11. 0-0-0 Re8 12. e5 Ng4 13. Nd5 Ngxe5 14. fxe5 Nxe5 15. Qg3 Qc6 16. Bf4 d6 17. Nf6+ Kh8 18. Nxe8 Qxe8 19. Bxe5 dxe5 20. Bd3 e4 21. Rde1 f5 22. Qxc7 Be6 23. Qxb7 a5 24. Bb5 Rb8 25. Bxe8 Rxb7 26. Rd1 Rb8 27. Bd7 Bxa2 28. b3 Bxb3 29. cxb3 Rxb3 30. Bxf5 g6 31. Bxe4 Rb4 32. Rhe1 a4 33. Rd7 a3 34. Bb7 1-0

[Event "GER-ch U12"]
[Site "Willingen"]
[Date "2015.05.30"]
[Round "11"]
[White "Fuchs, Emily"]
[Black "Abele, Anais"]
[Result "0-1"]
[WhiteElo "946"]
[BlackElo "1210"]
[PlyCount "127"]
[EventDate "2015.05.24"]
[EventType "swiss"]
[EventRounds "11"]
[EventCountry "GER"]
[SourceTitle "CBM 166 Extra"]
[Source "ChessBase"]
[SourceDate "2015.06.18"]
[SourceVersion "1"]
[SourceVersionDate "2015.06.18"]
[SourceQuality "1"]

1. e4 e5 2. Nf3 Nc6 3. Bc4 Nf6 4. d3 Be7 5. Nc3 d6 6. Be3 h6 7. Qd2 Be6 8. Bxe6 fxe6 9. d4 exd4 10. Nxd4 Nxd4 11. Qxd4 Qd7 12. 0-0-0 e5 13. Qc4 a6 14. Qe2 0-0-0 15. b3 Qc6 16. Nd5 Rhe8 17. f3 Nxd5 18. exd5 Qc3 19. Qc4 Qxe3+ 20. Kb2 Qf4 21. Qxf4 exf4 22. g4 g5 23. c4 Kd7 24. Kc3 Bf6+ 25. Kc2 Re2+ 26. Rd2 Rde8 27. a4 Rxd2+ 28. Kxd2 Re3 29. Rb1 Rxf3 30. b4 Rf2+ 31. Kd3 Rxh2 32. b5 Rb2 33. Re1 Rb3+ 34. Ke4 Re3+ 35. Rxe3 fxe3 36. Kxe3 axb5 37. cxb5 c6 38. dxc6+ bxc6 39. b6 Kc8 40. a5 Kb7 41. Kd3 d5 42. Kc2 Bd4 43. Kd3 Bxb6 44. axb6 Kxb6 45. Kd4 Kb5 46. Kd3 Kb4 47. Kd4 c5+ 48. Kxd5 c4 49. Kd4 Kb3 50. Ke3 Kb2 51. Kd2 c3+ 52. Kd1 c2+ 53. Ke2 c1Q 54. Kd3 Qg1 55. Kd2 Qxg4 56. Ke3 Qa4 57. Kd2 g4 58. Ke2 g3 59. Kf3 g2 60. Kxg2 h5 61. Kf2 h4 62. Kg2 h3+ 63. Kxh3 Qe8 64. Kg2 0-1

[Event "GER-ch U12"]
[Site "Willingen"]
[Date "2015.05.27"]
[Round "7"]
[White "Fuchs, Emily"]
[Black "Zha, Kevin"]
[Result "0-1"]
[WhiteElo "946"]
[BlackElo "1154"]
[PlyCount "80"]
[EventDate "2015.05.24"]
[EventType "swiss"]
[EventRounds "11"]
[EventCountry "GER"]
[SourceTitle "CBM 166 Extra"]
[Source "ChessBase"]
[SourceDate "2015.06.18"]
[SourceVersion "1"]
[SourceVersionDate "2015.06.18"]
[SourceQuality "1"]

1. e4 e5 2. Nf3 Nc6 3. a3 Bc5 4. Bc4 h6 5. 0-0 Nf6 6. Nc3 0-0 7. Nxe5 Nxe5 8. d4 Nxc4 9. dxc5 d6 10. b3 Ne5 11. Qd4 Qe7 12. b4 b6 13. Be3 bxc5 14. bxc5 Bb7 15. Rfb1 Bc6 16. f4 Neg4 17. Re1 Nxe4 18. Nd5 Qh4 19. h3 Nxe3 20. Rxe3 Bxd5 21. Rxe4 Bxe4 22. Qxe4 dxc5 23. Kh2 Rae8 24. Qf3 Re1 25. g3 Qe7 26. Rxe1 Qxe1 27. h4 Re8 28. Kh3 c4 29. h5 a5 30. f5 c5 31. a4 c3 32. Qg2 Re2 33. Qf3 Rxc2 34. Qa8+ Kh7 35. Qd5 Rd2 36. Qf3 Qe2 37. Qxe2 Rxe2 38. g4 c2 39. Kg3 c1Q 40. Kf3 Qe3# 0-1

[Event "GER-ch U12"]
[Site "Willingen"]
[Date "2015.05.24"]
[Round "1"]
[White "Rietschel, Tilo"]
[Black "Fuchs, Emily"]
[Result "1-0"]
[WhiteElo "1549"]
[BlackElo "946"]
[PlyCount "75"]
[EventDate "2015.05.24"]
[EventType "swiss"]
[EventRounds "11"]
[EventCountry "GER"]
[SourceTitle "CBM 166 Extra"]
[Source "ChessBase"]
[SourceDate "2015.06.18"]
[SourceVersion "1"]
[SourceVersionDate "2015.06.18"]
[SourceQuality "1"]

1. e4 e5 2. Nf3 Nc6 3. Bb5 d6 4. h3 Bd7 5. c3 Qe7 6. 0-0 a6 7. Ba4 g6 8. d4 Bg7 9. Re1 Qf6 10. Bg5 b5 11. Bb3 Be6 12. d5 Na5 13. Bxf6 Bxf6 14. dxe6 Ne7 15. exf7+ Kf8 16. Be6 Rd8 17. Nbd2 c6 18. Nb3 Nc4 19. Bxc4 bxc4 20. Nbd2 Kxf7 21. Nxc4 d5 22. Ncxe5+ Kg7 23. Qb3 Rb8 24. Qc2 Rhd8 25. exd5 Rxd5 26. Rad1 Rdb5 27. b3 Nd5 28. c4 Rc5 29. Qd2 Nb6 30. Nd7 Rd8 31. Nxc5 Rxd2 32. Rxd2 Bc3 33. Re7+ Kf6 34. Rde2 Nc8 35. R2e6+ Kf5 36. g4+ Kf4 37. Rf7+ Bf6 38. Rexf6# 1-0